Thomas and Friends Songs - Statistics

General Stats
  • This quiz has been taken 71 times
  • The average score is 41 of 138
Answer Stats
Season Song % Correct
HOTR Go, Go Thomas
59%
16 Go, Go Thomas (Season 16)
59%
4 Gone Fishing
59%
TAB Really Useful Engine (TAB)
59%
TATMR Really Useful Engine (TATMR)
59%
3 Thomas We Love You / Thomas’ Anthem
59%
BMM Working Together
59%
DOTD Day of the Diesels
53%
TOTB Monsters Everywhere
53%
BMM Blue Mountain Mystery
47%
CAE Busy
47%
8 Engine Roll Call
47%
CAE Engine Roll Call (CAE)
47%
19 Engine Roll Call (Series 19 Remake)
47%
22 Engine Roll Call (Series 22)
47%
TGD Engine Roll Call (TGD)
47%
TOTB Let’s Be Brave
47%
8 Ode to Gordon
47%
KOTR Searching Everywhere
47%
TGR Streamlining
47%
4 The island Song
47%
4 Toby
47%
5 Accidents Will Happen
41%
TGR Be Who You Are (and Go Far)
41%
5 Come for the Ride
41%
8 Determination
41%
4 Don’t Judge a Book by Its Cover
41%
8 Emily
41%
7 Five New Engines in the Shed
41%
TGR Full of Surprises
41%
KOTR It’s Gonna Be a Great Day
41%
4 Let’s Have a Race
41%
MIR Misty Island Rescue
41%
5 Night Train
41%
4 Really Useful Engine
41%
7 Salty
41%
8 Sounds
41%
JBS The Hottest Place in Town
41%
7 There Once Was an Engine Who Ran Away
41%
TGD Thomas, You’re the Leader / The Roll Call Rap
41%
7 Troublesome Trucks
41%
TAB Troublesome Trucks (TAB)
41%
SLOTLT We Make a Team Together
41%
9 Brave
35%
5 Donald’s Duck
35%
6 Down by the Docks
35%
5 Every Cloud Has a Silver Lining
35%
BWBA Free and Easy
35%
5 Harold the Helicopter
35%
6 Little Engines
35%
6 Never, Never, Never Give Up
35%
5 Percy’s Seaside Trip
35%
TATMR Shining Time
35%
5 Sir Topham Hatt
35%
7 The Red Balloon
35%
TGD Thomas and James are Racing / Racing to the Wharf
35%
CAE Trying (to Do Things Better)
35%
BWBA Where in the World is Thomas?
35%
TGD Where, oh Where Is Thomas?
35%
JBS Who’s Thomas?
35%
TGR You Can Only Be You
35%
6 Boo! Boo! Choo-choo
29%
17 Hey, Hey Thomas!
29%
TATMR I Know How the Moon Must Feel
29%
5 It’s Great to Be an Engine
29%
JBS I Want to Go Home
29%
6 James the Really Splendid Engine
29%
TATMR Locomotion
29%
10 Navigation
29%
SLOTLT Never Overlook a Little Engine
29%
TOTB Our Tale of the Brave (Movie Version)
29%
8 Patience
29%
9 Pride
29%
JBS Somebody Has to Be the Favorite
29%
BWBA Sometimes You Make a Friend
29%
8 Surprises
29%
JBS The Most Important Thing (Is Being Friends)
29%
TGD There’s a Job for Everyone / Jobs a Plenty
29%
TGR The Shooting Star (is Coming Through)
29%
5 The Snow Song
29%
7 The Whistle Song
29%
16 Thomas and Percy
29%
CAE Together (We Made it Happen)
29%
BWBA Wake Up
29%
TGR Will You, Won’t You?
29%
6 Winter Wonderland
29%
10 Doing it Right
24%
10 Favorite Place
24%
TGR He’s Full of Surprises
24%
17 On a Journey Today
24%
JATP One Friendly Family
24%
TATMR Some Things Never Leave You
24%
10 Strength
24%
TATMR Summer Sunday
24%
TOTB Tale of the Brave
24%
CAE (Bonus) The Dream Song
24%
11 The Narrow Gauge Engines
24%
JATP The Work Song
24%
9 Togetherness
24%
JBS We Can’t Do Anything
24%
KOTR Working Together Again
24%
15 All You Need (is Friends)
18%
8 A World Around You
18%
18 Best Friends Express
18%
9 Day and Night
18%
15 Hear the Engines Coming
18%
10 H is for Harold
18%
24 How Does it Work
18%
18 It’s Christmas Time
18%
9 Party Time
18%
19 Race with You
18%
10 Responsibility / Happy and Sad
18%
13 Roll Along
18%
14 Sir Topham Hatt’s Song / The Fat Controller’sSong
18%
BWBA We’re Friends
18%
9 Buffer Up and Share
12%
BWBA Enda Ulale
12%
9 Every Day’s a Special Day on Sodor
12%
20 Glynn’s Christmas Wish
12%
21 Set Friendship in Motion
12%
19 Spring is Here!
12%
23 The Sodor Construction Crew
12%
22 All the Girls Around the World
6%
23 Don’t Stop
6%
24 Fall is So Much Fun
6%
20 It’s Halloween
6%
24 Party Train
6%
24 The Little Engine Who Believed
6%
10 There’s Always Something New
6%
19 There’s Snow Place Like Home
6%
22 The Steam Team
6%
22 Big World! Big Adventures!
0%
23 Legend of the Lost Engine
0%
22 Let’s Dream
0%
19 Let’s Go!
0%
24 New Year’s Day with Thomas
0%
22 The Journey Never Ends
0%
24 Watch Out, Thomas!
0%
No matching quizzes found
Score Distribution
Percent of People with Each Score
Percentile by Number Answered
Your Score History
You have not taken this quiz